Odd One Out: Geography - Statistics

General Stats
  • This quiz has been taken 110 times
    87 since last reset
  • The average score is 7 of 10
Answer Stats
Question Answer % Correct
Capital Cities Sydney
96%
Pacific Coast States Arizona
88%
Rivers home to ancient civilizations Mississippi
88%
Mediterranean Countries Portugal
85%
NATO Countries Switzerland
81%
Countries with no borders Brunei
77%
Indonesian Islands Mindanao
73%
Former French Colonies Sudan
69%
Capitals of the Ottoman Empire Ankara
38%
Equator Countries Equatorial Guinea
31%
No matching quizzes found
Score Distribution
Percent of People with Each Score
Percentile by Number Answered
Your Score History
You have not taken this quiz since the last reset